Sports Quiz

Random Sports or Rugby Quiz

Welsh rugby players last caps Quiz Stats

Quiz not verified by Sporcle

Challenge
Share
Tweet
Embed
Score 0/20 Timer 10:00
0 Plays Today
Match Player % Correct
Romania (1 Nov 2002)Neil Jenkins
71%
Scotland (7 Feb 1981)JPR Williams
68.3%
Canada (16 Nov 2002)Scott Quinnell
66.9%
Italy (8 Apr 2001)Scott Gibbs
66.9%
England (15 Mar 1997)Jonathan Davies
62.1%
South Africa (24 Nov 2007)Colin Charvis
61.4%
Italy (7 Feb 1998)Ieuan Evans
54.5%
Scotland (6 Apr 2002)Rob Howley
52.4%
Ireland (4 Jun 1995)Robert Jones
44.1%
New Zealand (27 Nov 2010)Tom Shanklin
42.1%
Match Player % Correct
New Zealand (20 Nov 2004)Gareth Llewellyn
38.6%
Fiji (9 Nov 1985)Terry Holmes
37.2%
South Africa (26 Nov 2000)Garin Jenkins
33.1%
Tonga (17 Nov 2001)Allan Bateman
32.4%
Australia (Oct 12 1991)Mark Ring
29%
Scotland (20 Mar 1982)Ray Gravell
26.2%
Australia (24 Nov 1984)Eddie Butler
25.5%
England (21 Feb 1998)Nigel Walker
22.1%
Italy (27 Mar 2004)Iestyn Harris
17.9%
Scotland (17 Feb 2001)Rupert Moon
15.9%

You're not logged in!

Compare scores with friends on all Sporcle quizzes.
Join for Free
OR
Log In

You Might Also Like...

Show Comments

Extras

Created Mar 13, 2012ReportNominate
Tags:Rugby Quiz, cap, last, matching, player, welsh

Top Quizzes Today


Score Distribution

Your Account Isn't Verified!

In order to create a playlist on Sporcle, you need to verify the email address you used during registration. Go to your Sporcle Settings to finish the process.

Report this User

Report this user for behavior that violates our Community Guidelines.

Details: